| 000 | 00335nam a2200109 4500 | ||
|---|---|---|---|
| 008 | 160630b xxu||||| |||| 00| 0 eng d | ||
| 100 |
_91545 _a Jain, R.K |
||
| 245 | _aLanguage - Skills Book Functional English - XI - XII | ||
| 260 |
_aN.D _bArya _c2005 |
||
| 300 | _aLanguage - Skills Book Functional English - XI - XII | ||
| 942 |
_2ddc _cBK |
||
| 999 |
_c1275 _d1275 |
||